[Event "Satka Autumn 2020"]
[Site "Satka"]
[Date "2020.10.26"]
[Round "6.1"]
[White "Afonasieva, Anna"]
[Black "Borisova, Ekaterina"]
[Result "1-0"]
[WhiteElo "2279"]
[BlackElo "2292"]
[Annotator "TA"]
[PlyCount "125"]
[EventDate "2020.10.21"]
[EventType "swiss"]
[EventCountry "RUS"]
[SourceTitle "playchess.com"]
[Source "ChessBase"]
[SourceQuality "1"]

{[%evp 12,125,31,2,0,0,17,0,8,3,3,3,15,12,1,-8,-10,-20,7,-15,-21,-21,0,-17,-10,-24,-23,-33,-30,-32,-25,-69,-51,-55,-32,-42,0,0,0,0,0,0,0,0,0,0,0,-28,0,-8,0,-74,-79,-107,-62,-119,-85,-208,-200,-193,-193,-1762,-1266,-29963,-11299,-29968,-29968,-29968,-29969,-29963,-29960,-29960,-1347,-1341,-1333,-1225,-1204,-749,-186,-179,217,217,217,217,217,217,217,217,217,217,217,217,217,217,217,217,216,216,216,216,216,216,216,216,133,0,216,216,216,216,209,194,381,243,29987,29988]} 1. d4 Nf6 2. Bf4 g6 3. e3 Bg7 4. Nf3 O-O 5. h3 d6 6. Be2 Nc6 7. O-O e5 {A48: 1 d4 Nf6 2 Nf3 g6: Torre, London and Colle Systems.} 8. Bh2 {[%cal Rd4e5]} Qe7 9. c3 Ne4 {The position is equal.} 10. Nbd2 Nxd2 11. Qxd2 f5 {[#]} (11... e4 $5 12. Ne1 $8 Bd7 $11) 12. Bc4+ $146 ({Predecessor:} 12. Ne1 Qf7 13. Nd3 Be6 14. b4 Rad8 15. Qc2 Bc4 16. b5 Na5 17. dxe5 Bxd3 18. Bxd3 dxe5 {1-0 (51) Zhigalko,S (2643)-Zhigalko,A (2566) Minsk 2017}) 12... Kh8 $1 13. dxe5 dxe5 14. Rad1 Rd8 15. Qc2 Be6 $36 {[%mdl 2048] White is under pressure.} 16. Bxe6 Qxe6 17. a4 h6 18. b4 a6 19. b5 axb5 20. axb5 Na5 21. Qa4 {Strongly threatening Rxd8+.} Nc4 22. Qb3 Rd6 23. Nd2 Rad8 (23... Nxd2 {seems wilder.} 24. Qxe6 Rxe6 25. Rxd2 Rd6 26. Rdd1 Kg8) 24. Nxc4 Rxd1 25. Rxd1 Rxd1+ 26. Qxd1 Qxc4 {[%mdl 64] Double Attack} 27. g4 f4 28. exf4 exf4 29. g5 h5 30. Qf3 Be5 31. Qd1 (31. Qxb7 $11 {remains equal.} Qd3 32. f3) 31... Bd6 $17 32. Qd2 b6 (32... Qxb5 $6 33. Bxf4 Qf5 34. Qd4+ Kg8 35. Bxd6 $11) 33. h4 (33. f3 $15 Kg7 34. h4) 33... Kg7 ({Of course not} 33... Qxb5 $6 34. Bxf4 Qb1+ 35. Kg2 $11) 34. Qd4+ (34. f3 $17 {keeps fighting.}) 34... Qxd4 $19 35. cxd4 {[%mdl 4096] Endgame next Kg2 is good for White. KB-KB} Kf7 {Threatens to win with ...Ke6.} 36. d5 $2 (36. Kg2 f3+ 37. Kh3) 36... Ke7 $1 37. Kg2 {[#]} f3+ $1 {[%mdl 512]} 38. Kh3 (38. Kxf3 Bxh2) 38... Bxh2 39. Kxh2 {KP-KP} Kd6 40. Kg3 Kxd5 41. Kxf3 c5 (41... c6 $142 42. bxc6 Kxc6 43. Ke4 Kd6 44. Kd4 Ke6 45. Ke4 b5 46. f4 b4 47. Kd4 Kf5 48. Ke3 Kg4 49. Ke4 Kxh4 50. Kd3 Kg4 51. Kd4 Kxf4 52. Kd3 Kxg5 53. Kd2 h4 54. Kc2 h3 55. Kd3 h2 56. Kc4 h1=Q 57. Kxb4 Qc6 58. Kb3 Kf5 59. Ka3 Ke4 60. Kb3 Kd3 61. Kb2 Qb5+ 62. Ka3 Kc2 63. Ka2 Qb2#) 42. Ke3 Ke5 $1 {[%cal Re5f5]} 43. f3 Kf5 44. f4 c4 $2 (44... Kg4 45. Ke4 Kxh4) 45. Kd4 c3 $4 {[%mdl 8192]} (45... Kxf4 $19 {and life is good for Black.} 46. Kxc4 Kg4) 46. Kxc3 $18 Kxf4 {K3P-K3P} 47. Kd4 $1 Kg4 48. Ke5 {aiming for Kf6.} Kxh4 {K3P-KPP} 49. Kf6 Kg3 {...h4 is the strong threat.} 50. Kxg6 {KPP-KPP} h4 51. Kf5 h3 52. g6 {White wants to mate with g7.} h2 53. g7 h1=Q {( -> ...Qh7+)} 54. g8=Q+ {KQ-KQ} Kf2 {[#]} 55. Qa2+ $1 Ke3 56. Qe6+ {[%mdl 64] Double Attack} Kd3 {Hoping for ...Qh3+.} 57. Qd6+ ({Not} 57. Qxb6 Qh5+ 58. Kf4 Kc4 $11) 57... Ke2 {[#]} 58. Qxb6 (58. Ke6 $1 $16) 58... Qh5+ $2 (58... Qd5+ $11 {and Black has nothing to worry.} 59. Kf6 Kd3) 59. Ke4 {Threatening mate with Qe3+.} Qh1+ 60. Ke5 Qh5+ 61. Kd6 Kd3 $2 (61... Kf1 {was worth a try.} 62. Qc5 Qg6+ 63. Kd7 Qf7+ 64. Kc8 Qe8+ 65. Kb7 Qe4+ 66. Ka7 Qa4+ 67. Kb6 Qf4) 62. Qc5 Qe8 $2 (62... Qg6+ $18 63. Kd7 Qf7+ 64. Kc6 Qe8+ 65. Kc7 Qf7+ 66. Kc6 Qe8+ 67. Kb7 Qf7+ 68. Qc7 Qd5+ 69. Qc6 Qf7+ 70. Qc7 Qd5+ 71. Qc6 Qf7+ 72. Kb8 Qf8+ 73. Kc7 Ke3 74. Qc3+ Kf2 75. Qd4+ Kg2) 63. Qd5+ {Av CentiPawn Loss W=-59/B=-90. Weighted=-48/-117} 1-0

[Event "Satka Autumn 2020"]
[Site "Satka"]
[Date "2020.10.26"]
[Round "6.2"]
[White "Voit, Daria"]
[Black "Protopopova, Anastasiya"]
[Result "1-0"]
[WhiteElo "2343"]
[BlackElo "2210"]
[Annotator "TA"]
[PlyCount "73"]
[EventDate "2020.10.21"]
[EventType "swiss"]
[EventCountry "RUS"]
[SourceTitle "playchess.com"]
[Source "ChessBase"]
[SourceQuality "1"]

{[%evp 14,73,12,0,27,20,31,31,7,24,27,23,37,0,0,0,0,0,0,-10,0,0,0,0,43,39,36,41,59,72,83,51,59,43,106,101,81,85,84,91,126,24,199,214,204,186,194,203,217,229,213,137,583,553,501,540,1059,1076,1004,997,2573,2382]} 1. c4 c5 2. g3 Nc6 3. Bg2 g6 4. Nc3 Bg7 5. a3 a5 6. Nf3 e5 7. O-O Nge7 8. Ne1 O-O {A37: Symmetrical English vs ...g6: 4 Bg2 Bg7 5 Nf3.} 9. d3 d6 10. Nc2 Be6 {White is slightly better.} 11. Ne3 Rb8 12. Rb1 Qd7 13. Re1 Bh3 14. Bh1 f5 15. Ned5 {[#]} Nxd5 $146 ({Predecessor:} 15... f4 16. Nxe7+ Qxe7 17. Nd5 Qf7 18. gxf4 g5 19. Bg2 Bxg2 20. Kxg2 gxf4 21. Kh1 Kh8 {0-1 (45) Kjartansson,G (2468)-Magalashvili,D (2469) Ordu 2017}) 16. Nxd5 {[#]} f4 $1 {[%mdl 512]} 17. b4 (17. gxf4 Qg4+) 17... axb4 18. axb4 Qf7 {Strongly threatening ...fxg3.} 19. gxf4 Nxb4 20. Nxb4 cxb4 21. Rxb4 Qd7 {( -> ...Qg4+)} 22. Bf3 Bg4 23. Qa4 {aiming for Qxd7.} Qxa4 ({Black should play} 23... Qc8 $1 $14) 24. Bd5+ $16 ({Of course not} 24. Rxa4 Bxf3 25. exf3 b5 $11) 24... Kh8 25. Rxa4 exf4 26. Rb4 f3 27. e3 (27. h3 $16 Bf5 28. Bxf3) 27... Bc3 $2 {[#]} (27... Bh3 $11 {and Black is okay.}) 28. Rb3 $1 $18 {[%cal Rb3c3]} Be5 29. d4 $36 {[%mdl 2048] White is really pushing.} Bg7 30. Ba3 Rbd8 31. Rxb7 Bh3 {intending ...Rf5.} 32. Rb5 Bxd4 $2 {[%mdl 8192] This costs Black the game.} (32... Rf5 $16 {is tougher.}) 33. exd4 {White is clearly winning.} Rf4 {[#]} 34. Be6 $1 {[%cal Re6h3]} Re8 35. Bxd6 {Intending Be5+ and mate.} Rg4+ 36. Bg3 h5 {[#]} 37. Rb8 $3 {[%mdl 512] Av CentiPawn Loss W=-14/B=-79. Weighted=-16/-103} 1-0

[Event "Satka Autumn 2020"]
[Site "Satka"]
[Date "2020.10.26"]
[Round "6.3"]
[White "Bivol, Alina"]
[Black "Dubnikova, Anastasia"]
[Result "0-1"]
[WhiteElo "2393"]
[BlackElo "2148"]
[Annotator "TA"]
[PlyCount "116"]
[EventDate "2020.10.21"]
[EventType "swiss"]
[EventCountry "RUS"]
[SourceTitle "playchess.com"]
[Source "ChessBase"]
[SourceQuality "1"]

{[%evp 26,116,31,33,47,40,32,16,29,14,17,0,0,0,0,0,0,0,0,0,0,0,0,0,9,0,47,7,20,19,19,17,29,35,75,49,39,12,16,0,29,31,50,41,43,22,88,84,97,89,121,58,55,0,0,0,0,0,32,0,0,0,0,-98,-97,-107,-21,-34,0,0,8,-8,-8,-36,-18,-138,-128,-425,-406,-589,-588,-581,-559,-767,-763,-750,-749,-756,-748,-701,-656,-649,-604]} 1. e4 Nf6 2. e5 Nd5 3. d4 d6 4. c4 Nb6 5. exd6 cxd6 6. Nc3 g6 7. Be3 Bg7 8. Rc1 O-O 9. b3 e5 10. dxe5 dxe5 11. Qxd8 Rxd8 12. c5 N6d7 13. Bc4 Nc6 14. Nf3 Na5 {B03: Alekhine's Defence: Four Pawns Attack.} 15. Be2 b6 16. cxb6 Nxb6 {The position is equal.} 17. O-O Bb7 {[#]} 18. Nd2 $146 ({Predecessor:} 18. Rfd1 Nc6 19. Nb5 Nd5 20. Rxd5 Rxd5 21. Nc7 Rdd8 22. Nxa8 Bxa8 23. Kf1 h6 24. Bb5 {1-0 (39) Horvath,A (2495)-Krizsany,L (2440) Hungary 2013}) 18... Nc6 19. Rfd1 Nd4 20. Bf1 Nd5 21. Nxd5 Bxd5 22. Nc4 Be6 23. Na5 Rd7 24. f3 Rad8 {Threatens to win with ...Nxf3+!} 25. Kf2 h6 26. Ba6 Bd5 27. Bc4 Ba8 28. b4 Kh7 29. Nb3 f5 30. Nc5 Rd6 31. a3 Bf6 32. Bxd4 exd4 33. Nd3 Bg5 {White must now prevent ...Be3+.} 34. f4 Bf6 35. Bb5 Re6 (35... Rg8 $1 $11 {remains equal.}) 36. Rc7+ $16 Re7 37. Rdc1 Rb8 {[#]} 38. a4 (38. Rxe7+ $1 $16 Bxe7 39. Bc6 (39. Rc7 Rb7 $14)) 38... Be4 $14 39. Ba6 (39. Ne5 $14 Rb7 40. Rxb7 Rxb7 41. Rc4) 39... Rbe8 $11 40. g3 g5 41. a5 Kg6 42. fxg5 hxg5 43. Rxe7 Rxe7 44. Bc4 (44. Rc8 $11) 44... Rh7 $17 45. Kg1 {[#]} Bd8 ({Black should try} 45... Rc7 $1 $17 {Strongly threatening ...Bxd3.} 46. Nc5 g4) 46. Nc5 Bc7 {And now ...Bxg3! would win.} 47. Re1 Re7 48. Rd1 Be5 49. Nd3 Bd6 {aiming for ...Kf6.} 50. b5 (50. Nc5 $11) 50... Rc7 51. Bg8 $2 {[%mdl 8192] White does not recover from this.} (51. Nb2 $17) 51... Kg7 $19 52. Be6 (52. Ba2 {was the only chance.} Rc2 53. Be6) 52... Kf6 {Black is clearly winning.} 53. Bg8 Rc8 54. Ba2 Bxd3 {[%mdl 64] Overworked Piece} 55. Rxd3 Rc1+ 56. Kf2 Rc2+ {[%mdl 64] Double Attack} 57. Kf1 Rxa2 58. Rxd4 Ke5 {Av CentiPawn Loss W=-28/B=-14. Weighted=-27/-13} 0-1

[Event "Satka Autumn 2020"]
[Site "Satka"]
[Date "2020.10.26"]
[Round "6.4"]
[White "Khokhlova, Daria"]
[Black "Guseva, Marina"]
[Result "1-0"]
[WhiteElo "2168"]
[BlackElo "2377"]
[Annotator "TA"]
[PlyCount "85"]
[EventDate "2020.10.21"]
[EventType "swiss"]
[EventCountry "RUS"]
[SourceTitle "playchess.com"]
[Source "ChessBase"]
[SourceQuality "1"]

{[%evp 23,85,18,36,20,19,13,18,14,13,0,0,0,30,22,23,22,45,35,71,72,85,93,86,64,34,4,5,10,20,-4,0,0,16,0,0,0,0,0,32,0,8,8,21,0,0,2,9,27,27,0,47,4,41,0,105,104,650,604,29988,29989,29988,29987,29985,6287]} 1. d4 Nf6 2. c4 e6 3. Nf3 b6 4. g3 Ba6 5. Qa4 c5 6. Bg2 Bb7 7. O-O Be7 8. Rd1 cxd4 9. Nxd4 Bxg2 10. Kxg2 Qc8 11. Nc3 Qb7+ 12. f3 a6 13. Bg5 {E15: Queen's Indian: 4 g3 sidelines, 4 g3 Ba6 and 4 g3 Bb7 early deviations.} h6 14. Bxf6 Bxf6 15. Ne4 {Black must now prevent Nd6+.The position is equal.} Be7 16. b4 O-O 17. c5 {[#]} Qa7 $146 {[%cal Rb6c5]} ({Predecessor:} 17... a5 18. Rab1 axb4 19. Qxb4 Rxa2 20. Qxb6 Qa8 21. Rb2 Rxb2 22. Qxb2 Rc8 23. Nb3 Qb7 {½-½ (41) Nikolic,P (2622)-Iljin,A (2540) Leiden 2013}) 18. Rac1 bxc5 19. Nxc5 Bg5 20. Rc2 Be3 21. Rd3 Bxd4 22. Rxd4 d5 23. e4 dxe4 $1 24. fxe4 Qb6 25. Nb3 Ra7 26. Rcd2 Rc7 27. Nc5 Rc6 28. Qd1 Rcc8 29. a3 a5 30. Rd6 Qc7 31. Kh3 axb4 32. axb4 Qe7 33. e5 Qg5 34. Qe2 $1 Qf5+ 35. Kg2 Qb1 36. Qg4 (36. Rb2 $5 {[%cal Rb2b1]} Qf5 37. Qe1 $14) 36... Kh8 37. Qf4 Kg8 38. Qg4 Nc6 (38... Kh8 $11 {remains equal.}) 39. Nd7 $36 {[%mdl 2048] White has strong initiative.} ({Wrong is} 39. Nxe6 $2 fxe6 40. Rd1 Qxb4 $19) 39... Rfd8 $2 {[%mdl 8192] [#] Loses the game.} (39... Qxb4 $16 40. Qxb4 Nxb4) 40. Rxc6 $1 $18 {[%mdl 512]} h5 (40... Rxc6 41. Nf6+) 41. Nf6+ {[%mdl 64] Double Attack. White mates.} Kf8 42. Rxc8 Rxc8 43. Qxh5 {Av CentiPawn Loss W=-42/B=-65. Weighted=-26/-77} 1-0

[Event "Satka Autumn 2020"]
[Site "Satka"]
[Date "2020.10.26"]
[Round "6.5"]
[White "Prudnikova, Svetlana"]
[Black "Kovanova, Baira"]
[Result "0-1"]
[WhiteElo "2203"]
[BlackElo "2324"]
[Annotator "TA"]
[PlyCount "86"]
[EventDate "2020.10.21"]
[EventType "swiss"]
[EventCountry "RUS"]
[SourceTitle "playchess.com"]
[Source "ChessBase"]
[SourceQuality "1"]

{[%evp 12,86,32,23,25,23,20,12,22,22,27,29,29,29,29,29,29,27,37,30,12,-19,7,-7,84,-57,-49,-85,-71,-96,-24,-90,-96,-108,-88,-102,-100,-128,-120,-155,-155,-196,-196,-194,-160,-149,-141,-153,-85,-102,-95,-94,-108,-102,-99,-85,-102,-98,-68,-66,-43,-478,-447,-474,-456,-770,-762,-767,-771,-740,-729,-838,-806,-5102,-4811,-1411,-1394]} 1. d4 Nf6 2. g3 c5 3. Nf3 cxd4 4. Nxd4 g6 5. Bg2 Bg7 6. c4 Nc6 7. O-O h5 {A31: Symmetrical English: 2 Nf3 Nf6 3 d4.} 8. h4 O-O 9. Nc3 Ng4 {The position is equal.} 10. e3 Nge5 11. b3 d6 {[#]} 12. Bb2 $146 ({Predecessor:} 12. Nde2 Bg4 13. f3 Bd7 14. e4 a6 15. Be3 Rb8 16. a4 Nb4 17. a5 Ned3 18. Bb6 {½-½ (63) Huber,M (2337)-Haldorsen,B (2452) Vienna 2019}) 12... Bg4 13. f3 Bd7 14. Qd2 Nxd4 15. exd4 Nc6 16. Ne2 a5 17. Kh1 Bf5 (17... e6 $11) 18. Bc3 ({White should try} 18. d5 $16 Bxb2 19. Qxb2) 18... d5 $15 19. f4 e6 20. Rad1 Bg4 ({Black should play} 20... Ne7 $17) 21. Bf3 (21. f5 $11 {remains equal.}) 21... Ne7 $17 22. Bxg4 hxg4 23. c5 Nf5 24. Kg2 b6 25. cxb6 Qxb6 26. Rh1 Rfc8 27. h5 Rc6 28. hxg6 fxg6 29. Rc1 a4 (29... Qa6 $142 30. Bb2 Rxc1 31. Rxc1 a4) 30. Ba5 Qb5 {[#] Strongly threatening ...Rxc1.} 31. Rxc6 Qxc6 32. Rc1 Qa6 {Hoping for ...axb3.} 33. b4 Nd6 34. Rc7 Nc4 35. Qd3 Kh7 36. f5 $2 {[%mdl 8192] White does not recover from this.} (36. Re7 $15) 36... exf5 $19 {Black is clearly winning.} 37. Nf4 {[#]} Re8 $1 38. Kf2 (38. Kh2 $142 Qd6 39. Qc2) 38... Re3 39. Qxe3 Nxe3 40. Kxe3 Qf1 41. b5 Qxb5 42. Ne6 Qxa5 43. Rxg7+ Kh6 {Av CentiPawn Loss W=-65/B=-21. Weighted=-77/-17} 0-1

[Event "Satka Autumn 2020"]
[Site "Satka"]
[Date "2020.10.26"]
[Round "6.6"]
[White "Alekseeva, Irina"]
[Black "Maltsevskaya, Aleksandra"]
[Result "1-0"]
[WhiteElo "2110"]
[BlackElo "2260"]
[Annotator "TA"]
[PlyCount "85"]
[EventDate "2020.10.21"]
[EventType "swiss"]
[EventCountry "RUS"]
[SourceTitle "playchess.com"]
[Source "ChessBase"]
[SourceQuality "1"]

{[%evp 14,85,11,10,4,-31,-6,-20,10,-25,-9,-45,-39,-41,108,108,236,227,297,302,295,298,296,301,298,191,326,340,327,310,308,308,311,314,294,244,392,391,515,507,541,540,537,557,763,748,872,854,821,686,907,954,2414,1710,1830,1360,4682,1047,1040,1035,1016,1004,2730,799,750,518,4618,2353,5035,2420,29978,4500,29980,29981]} 1. e4 c6 2. d4 d5 3. e5 Bf5 4. Bd3 Bxd3 5. Qxd3 e6 6. Ne2 c5 7. O-O Nc6 8. c3 Nge7 {B12: Caro-Kann: Advance Variation.} 9. f4 cxd4 10. cxd4 Qb6 {The position is equal.} 11. a3 Nf5 {[%cal Rc6d4] [#]} 12. Rd1 $146 ({Predecessor:} 12. Kh1 Nfxd4 13. Nbc3 Nxe2 14. Nxe2 Qa6 15. Qxa6 bxa6 16. b4 g6 17. Rb1 Be7 18. Be3 {0-1 (46) Stawizsinski,W-Bombardiere Rosas,E (2265) Santiago de Chile 1992}) 12... Rc8 {aiming for ...Ncxd4!} 13. Nbc3 {With the idea Nxd5!} Ncxd4 (13... Qb3 $15 {keeps the upper hand.}) 14. Nxd4 $16 Rc4 {Loses the game.} (14... Qxd4+ $16 15. Qxd4 Nxd4) 15. Be3 $1 $18 Nxd4 {[#]} 16. Kh1 $1 ({Inferior is} 16. Bxd4 Rxd4 17. Qb5+ (17. Qxd4 $2 Bc5 $19) 17... Qxb5 $17) 16... Bc5 17. b4 Qc6 {Threatens to win with ...Bb6.} 18. bxc5 Nf5 19. Ne2 Re4 (19... Nxe3 $142 20. Qxe3 Qxc5) 20. Bg1 O-O 21. Nd4 Nxd4 22. Bxd4 Rxf4 23. a4 h5 24. Qb5 Qc7 (24... Rc8 $142 25. Rab1 b6 26. cxb6 axb6) 25. Rab1 f6 26. exf6 gxf6 27. Qxb7 Qxb7 28. Rxb7 Rc8 29. Rxa7 e5 30. Bg1 d4 31. Rb1 Re4 32. a5 {[%cal Ba4a5,Ba5a6][%mdl 32]} Re2 33. a6 Ra2 {[#]} 34. c6 $1 Kf8 (34... Rxc6 35. Rb8+) 35. Rh7 Kg8 36. Rd7 {c7 is the strong threat.} Rxa6 37. c7 {Intending Rb8 and mate.} Raa8 38. Rf1 (38. Rb6 $142 Rf8 39. g3) 38... Rf8 39. Rf5 h4 (39... Rf7 $142) 40. Rh5 Ra1 41. Rxh4 Rc1 42. Rg4+ Kh8 {[#]} 43. Rd8 $1 {Av CentiPawn Loss W=-171/B=-239. Weighted=-105/-166} 1-0

[Event "Satka Autumn 2020"]
[Site "Satka"]
[Date "2020.10.26"]
[Round "6.7"]
[White "Schepetkova, Margarita"]
[Black "Martynyuk, Elizaveta"]
[Result "1-0"]
[WhiteElo "2257"]
[BlackElo "2102"]
[Annotator "TA"]
[PlyCount "105"]
[EventDate "2020.10.21"]
[EventType "swiss"]
[EventCountry "RUS"]
[SourceTitle "playchess.com"]
[Source "ChessBase"]
[SourceQuality "1"]

{[%evp 12,105,4,23,15,2,16,4,7,7,5,16,23,16,24,20,18,16,18,20,18,15,50,37,44,0,0,0,0,0,0,0,8,12,17,25,22,0,54,81,372,94,306,306,312,300,259,238,234,0,0,0,0,0,0,0,62,0,0,0,392,383,595,621,456,372,372,372,372,372,372,365,365,364,375,368,446,400,905,908,864,850,930,939,876,831,777,746,758,650,945,933,942,900,750,732]} 1. d4 Nf6 2. c4 e6 3. g3 Bb4+ 4. Nd2 c5 5. a3 Bxd2+ 6. Qxd2 cxd4 7. Nf3 d5 {E00: Catalan Bogo-Indian (3 g3 Bb4+).} 8. cxd5 e5 9. Bg2 Nbd7 {The position is equal.} 10. O-O O-O {[#]} 11. Qc2 $146 ({Predecessor:} 11. Nh4 Nb6 12. e4 dxe3 13. Qxe3 e4 14. Rd1 Nbxd5 15. Qd4 Bg4 16. Re1 Re8 17. Bxe4 Nxe4 18. Rxe4 Rxe4 19. Qxe4 {0-1 (28) Kozul,Z (2589)-Bosiocic,M (2613) Bjelovar 2019}) 11... Re8 12. e4 b6 13. b4 Ba6 14. Re1 Rc8 15. Qd1 Qc7 16. Nh4 Qc3 17. Bd2 Qb2 $1 18. Rb1 Qa2 $1 ({Don't go for} 18... Qxa3 $2 19. Ra1 $18) 19. b5 Bb7 20. Nf5 Rc2 21. Ra1 Qb2 22. Bc1 Qc3 23. a4 Nc5 {Threatens to win with ...Nd3.} 24. Ra3 Nb3 (24... Qb4 $11) 25. Bg5 $14 Nd7 $2 {[%mdl 8192]} (25... Bc8 $16 {keeps fighting.}) 26. Bf1 $2 (26. Rf1 $18 {is the precise move to win.}) 26... f6 $2 {[#]} (26... Ndc5 $16 {was worth a try.}) 27. Bh6 $1 $18 {[%mdl 512]} g6 (27... gxh6 28. Qg4+) 28. Nd6 Rb8 {[#]} 29. Rxb3 $1 {[%mdl 512]} Qxb3 {[#]} 30. Bd3 $2 (30. Qg4 $1 $18 {[%cal Rg4d7][%mdl 512]} f5 31. Nxf5) 30... Rc3 $11 {[#] And now ...Qb4 would win.} 31. Qg4 $1 {[%cal Rg4d7][%mdl 512]} Nf8 $1 32. Bxf8 Rxf8 33. Qe6+ Kg7 (33... Kh8 $11) 34. Qe7+ $40 {[%mdl 128] White attacks.} (34. Qd7+ $1 $14 Kg8 35. Qe6+ (35. Rb1 Bc8 $11) 35... Kh8 {[#]} 36. Qe7 $1 {[%mdl 512]}) 34... Kg8 35. Bf1 {Black must now prevent Bh3.} Bxd5 $2 {[%mdl 8192] Black is on the road to losing.} (35... Bc8 $1 $11 {and Black has nothing to worry.}) 36. exd5 $18 Qxd5 (36... Qb4 $142 37. Qe6+ Kg7 38. Qe7+ Kg8 39. Qe6+ Kg7 40. Qe7+ Kg8) 37. Bg2 Qb3 38. Ne4 Qf7 39. Qxf7+ Kxf7 40. Nxc3 dxc3 {[%mdl 4096] Endgame KRB-KR} 41. Rc1 Rc8 42. Bc6 Rd8 43. Rxc3 Rd4 44. Rc4 {[%mdl 64] Deflection, Decoy} Rxc4 {KR-KB} (44... Rd1+ $142 45. Kg2 Ke6) 45. Bd5+ {[%mdl 64] Double Attack. White is clearly winning.} Ke7 46. Bxc4 {KB-KP} Kd6 47. Kg2 Kc5 48. Bb3 Kb4 49. Bd1 Kc3 50. Kf3 Kd2 51. Bb3 Kd3 52. Bd5 f5 53. Bg8 {Av CentiPawn Loss W=-22/B=-39. Weighted=-27/-47} 1-0

[Event "Satka Autumn 2020"]
[Site "Satka"]
[Date "2020.10.26"]
[Round "6.8"]
[White "Doroshenko, Diana"]
[Black "Zherebtsova, Alexandra"]
[Result "1-0"]
[WhiteElo "2214"]
[BlackElo "2225"]
[Annotator "TA"]
[PlyCount "67"]
[EventDate "2020.10.21"]
[EventType "swiss"]
[EventCountry "RUS"]
[SourceTitle "playchess.com"]
[Source "ChessBase"]
[SourceQuality "1"]

{[%evp 12,67,34,29,36,22,34,43,54,50,43,50,70,85,85,21,50,39,52,50,50,34,168,105,163,160,179,171,166,158,158,155,181,178,176,178,186,145,284,284,272,187,323,290,437,429,405,387,29977,29977,5477,468,689,701,1807,831,29984,29985]} 1. c4 Nf6 2. Nf3 g6 3. Nc3 d5 4. cxd5 Nxd5 5. Qa4+ Bd7 6. Qb3 Nb6 7. d4 Bg7 {A16: English Opening: 1...Nf6 with ...d5.} 8. e4 (8. Bf4 {is interesting.} Be6 9. Qa3 Nc6 10. e3 O-O 11. Be2) 8... O-O 9. Be3 a5 {White is slightly better.} 10. Be2 a4 11. Qc2 {[#]} Nc6 $146 ({Predecessor:} 11... Bg4 12. Rd1 a3 13. b3 Nc6 14. d5 Nb4 15. Qd2 c6 16. Bc5 Bxc3 17. Qxc3 Nxa2 {0-1 (31) Wirthensohn,H (2430)-Kouatly,B (2495) Switzerland 1990}) 12. Rd1 f5 13. Qd2 (13. d5 $1 $16 {[%cal Rd5c6]} Nb4 14. Qb1) 13... Na5 14. Ne5 Be6 15. exf5 Rxf5 16. Bd3 $36 {[%mdl 2048] White has good play.} Nac4 {White stays focused until the end.} ({Better is} 16... Rh5 $14) 17. Nxc4 (17. Bxf5 $18 gxf5 18. Qe2) 17... Nxc4 (17... Bxc4 $16 18. Bxf5 gxf5) 18. Bxf5 $18 Bxf5 19. Qe2 Nxe3 20. fxe3 a3 21. b3 e5 {[%cal Re5d4]} 22. e4 Bc8 23. d5 b6 24. h4 Qd6 {[#]} (24... Bh6 $16 {might work better.}) 25. Qc4 $1 Ba6 26. Qc6 Qf8 (26... Rd8 {was necessary.}) 27. h5 Rc8 (27... gxh5 $142 28. b4 Rd8) 28. hxg6 hxg6 29. Qxg6 Qb4 $2 (29... Qf6 $18 30. Qh7+ Kf7) 30. Rh3 Rf8 31. Qe6+ (31. Qh7+ $142 Kf7 {[#]} 32. d6 $1 {[%mdl 512]}) 31... Rf7 {intending ...Qc5.} 32. Rf3 Bf6 33. Kd2 (33. d6 $142 Qc5 34. Ne2) 33... Qf8 34. Rxf6 {Av CentiPawn Loss W=-85/B=761. Weighted=-137/312} 1-0

[Event "Satka Autumn 2020"]
[Site "Satka"]
[Date "2020.10.26"]
[Round "6.9"]
[White "Loskutova, Viktoriya"]
[Black "Shamsutdinova, Karina"]
[Result "1-0"]
[WhiteElo "2110"]
[BlackElo "1762"]
[Annotator "TA"]
[PlyCount "77"]
[EventDate "2020.10.21"]
[EventType "swiss"]
[EventCountry "RUS"]
[SourceTitle "playchess.com"]
[Source "ChessBase"]
[SourceQuality "1"]

{[%evp 9,77,29,60,9,14,-14,-7,-33,-19,-34,-33,-48,-46,-46,0,-7,-16,-19,-6,-18,37,24,28,43,71,91,72,89,152,149,150,140,157,160,160,161,157,138,204,134,208,206,265,288,281,280,369,360,381,383,395,393,359,357,353,344,449,449,444,437,402,391,393,386,550,547,529,523,442,442]} 1. e4 c5 2. Nf3 e6 3. g3 b6 4. Bg2 Bb7 5. Nc3 Nf6 6. d3 {B40: Sicilian: 2...e6, Unusual lines.} (6. e5 $1 $14 Nd5 7. O-O) 6... d5 $11 7. e5 Nfd7 {[#]} 8. Bg5 $146 {The position is equal.} ({Predecessor:} 8. Bf4 Nc6 9. h4 Be7 10. Qe2 a6 11. O-O h6 12. h5 g5 13. hxg6 fxg6 14. g4 {0-1 (44) Brito,L (2349)-Di Berardino,D (2526) Rio de Janeiro 2018}) 8... Qc7 9. Nb5 {[%cal Rb5c7]} Qc6 10. c4 a6 11. Nc3 d4 12. Ne4 $36 {[%mdl 2048] White is more active.} Qc7 13. Qe2 Nc6 14. Bf4 Ncxe5 (14... h6 $11) 15. Nxe5 Nxe5 16. O-O {Threatens to win with Qh5.} O-O-O 17. a3 {White stays focused until the end.} f6 18. Rfb1 g5 {[#]} ({Better is} 18... Be7) 19. Nxg5 $1 $16 {[%mdl 512]} Bxg2 (19... fxg5 20. Bxe5) 20. Bxe5 $1 ({Much weaker is} 20. Kxg2 Qc6+ 21. f3 Bh6 $11) 20... Qxe5 21. Qxe5 fxe5 22. Kxg2 Rd7 23. Re1 Bg7 (23... Bd6 $16 24. b4 (24. Nxe6 Rg8 $17) 24... Rg8) 24. Nf3 Rf8 (24... Rf7 $16) 25. Nxe5 $18 Bxe5 26. Rxe5 {[%mdl 4096] Endgame KRR-KRR} Rdf7 27. f4 ({And not} 27. Rxe6 Rxf2+ 28. Kh3 Rxb2 $11) 27... Rf6 28. b4 Kd7 29. bxc5 b5 30. cxb5 axb5 31. c6+ {[%mdl 64] Discovered Attack, Decoy} Kxc6 32. Rc1+ Kb6 33. Rb1 Kc6 34. Rbxb5 Ra8 35. Rb3 Kd6 36. Kf3 Rf5 (36... Ra6 $142 37. Rh5 Rf7) 37. Rb6+ {White is clearly winning.} Kd7 38. Rbxe6 Rf7 39. Rb6 {Av CentiPawn Loss W=-7/B=-18. Weighted=-8/-23} 1-0